02243cam a22004214i 4500003000900000005001700009008004100026020003500067020003800102035002000140040003300160041001300193082002200206100003000228245010500258264007900363300004200442336002100484337002500505338002300530490003700553504004000590504003400630505009200664520093700756526001001693526001001703526001001713526001001723526000801733526000801741526000801749526000801757526000801765526000801773526000801781600003201789PE-LiUPU20250731172906.0170125s2016 miu rb 001 0 eng d a0802871534 (pbk. : alk. paper) a9780802871534 (pbk. : alk. paper) a(Sirsi) a166478 aPE-LiUPUbspacPE-LiUPUerda1 aenghger04a284.1092bK262231 aKaufmann, Thomas,eautor.12aA short life of Martin Luther /cThomas Kaufmann ; translated by Peter D.S. Krey and James D. Bratt. 1aGrand Rapids, Michigan :bWilliam B. Eerdmans Publishing Company,c[2016]. axii, 146 páginas ;c21 centimetros. atext2rdacontent aunmediated2rdamedia avolume2rdacarrier0 aReformation resources, 1517-2017 aBibliografía : páginas 137-144. aÍndices: páginas 145-146.0 aThe search for Martin Luther -- Living in the reformation of God -- A theological life. aMartin Luther, the Augustinian friar who set the Protestant Reformation in motion with his famous Ninety-Five Theses, was a man of extremes on many fronts. He was both hated and honored, both reviled as a heretic and lauded as a kind of second Christ. He was both a quiet, solitary reader and interpreter of the Bible and the first media-star of history, using the printing press to reach many of his contemporaries and become the most-read theologian of the sixteenth century. Thomas Kaufmann's concise biography highlights the two conflicting "natures" of Martin Luther, depicting Luther's earthiness as well as his soaring theological contributions, his flaws as well as his greatness. Exploring the close correlation between Luther's Reformation theology and his historical context, A Short Life of Martin Luther serves as an ideal introduction to the life and thought of the most important figure in the Protestant Reformation. aSEG42 aSEG41 aSEG40 aSEG39 aP94 aP87 aP86 aP85 aP77 aP76 aP3514aLuther, Martin,d1483-1546.